2025 NBA Draft 1st - 2nd Round - Statistics

General Stats
  • This quiz has been taken 34 times
    33 since last reset
  • The average score is 32 of 59
Answer Stats
Draft Pick/Team Player % Correct
#1 Pick / Mavericks Cooper Flagg | Flagg
100%
#5 Pick / Jazz Ace Bailey | Bailey
96%
#2 Pick / Spurs Dylan Harper | Harper
96%
#4 Pick / Hornets Kon Knueppel | Knueppel
93%
#3 Pick / 76ers VJ Edgecombe | Edgecombe
93%
#7 Pick / Pelicans Jeremiah Fears | Fears
89%
#6 Pick / Wizards Tre Johnson | Johnson
89%
#13 Pick / Pelicans Derik Queen | Queen
86%
#8 Pick / Nets Egor Demin | Demin
86%
#27 Pick / Nets Danny Wolf | Wolf
82%
#10 Pick / Suns Khaman Maluach | Maluach
82%
#9 Pick / Raptors Collin Murray-Boyles | Murray-Boyles | Murray | Boyles
79%
#14 Pick / Spurs Carter Bryant | Bryant
75%
#11 Pick / Grizzlies Cedric Coward | Coward
75%
#18 Pick / Jazz Walter Clayton Jr | Clayton
75%
#19 Pick / Nets Nolan Traore | Traore
68%
#16 Pick / Trail Blazers Yang Hansen | Hansen
68%
#12 Pick / Bulls Noa Essengue | Essengue
64%
#15 Pick / Thunder Thomas Sorber | Sorber
64%
#26 Pick / Nets Ben Saraf | Saraf
57%
#28 Pick / Celtics Hugo Gonzalez | Gonzalez
57%
#20 Pick / Heat Kasparas Jakucionis | Jakucionis
57%
#23 Pick / Hawks Asa Newell | Newell
54%
#17 Pick / Timberwolves Joan Beringer | Beringer
54%
#29 Pick / Hornets Liam McNeeley | McNeeley
54%
#42 Pick / Kings Maxime Raynaud | Raynaud
54%
#34 Pick / Hornets Ryan Kalkbrenner | Kalkbrenner
54%
#30 Pick / Clippers Yanic Konan Niederhauser | Konan | Niederhauser
54%
#22 Pick / Nets Drake Powell | Powell
50%
#25 Pick / Magic Jase Richardson | Richardson
50%
#24 Pick / Kings Nique Clifford | Clifford
50%
#33 Pick / Hornets Sion James | James
50%
#56 Pick / Warriors Will Richard | Richard
50%
#36 Pick / Lakers Adou Thiero | Thiero
46%
#38 Pick / Pacers Kam Jones | Jones
46%
#32 Pick / Magic Noah Penda | Penda
46%
#21 Pick / Wizards Will Riley | Riley
46%
#35 Pick / 76ers Johni Broome | Broome
43%
#40 Pick / Pelicans Micah Peavy | Peavy
43%
#49 Pick / Cavaliers Tyrese Proctor | Proctor
43%
#37 Pick / Pistons Chaz Lanier | Lanier
39%
#31 Pick / Suns Rasheer Fleming | Fleming
39%
#39 Pick / Raptors Alijah Martin | Martin
36%
#46 Pick / Celtics Amari Williams | Williams
36%
#44 Pick / Thunder Brooks Barnhizer | Barnhizer
36%
#48 Pick / Grizzlies Javon Small | Small
36%
#50 Pick / Clippers Kobe Sanders | Sanders
36%
#41 Pick / Suns Koby Brea | Brea
32%
#51 Pick / Knicks Mohamed Diawara | Diawara
32%
#43 Pick / Wizards Jamir Watkins | Watkins
29%
#55 Pick / Bulls Lachlan Olbrich | Olbrich
29%
#45 Pick / Timberwolves Rocco Zikarsky | Zikarsky | Rocco
29%
#52 Pick / Warriors Alex Toohey | Toohey
25%
#59 Pick / Grizzlies Jahmai Mashack | Mashack
25%
#53 Pick / Jazz John Tonje | Tonje
25%
#57 Pick / Celtics Max Shulga | Shulga
25%
#58 Pick / Cavaliers Saliou Niang | Niang
25%
#54 Pick / Pacers Taelon Peter | Peter
25%
#47 Pick / Bucks Bogoljub Markovic | Markovic
21%
No matching quizzes found
Score Distribution
Percent of People with Each Score
Percentile by Number Answered
Your Score History
You have not taken this quiz since the last reset